000 01186nam a2200289 4500
001 14301
003 ES-MaACL
005 20230906150752.0
007 t|
008 981207s1992 sp |||| | spa d
020 _a84-7729-113-6
080 _a1 Spinoza, Benedictus de (063)
080 _a17(063)
111 2 _aCongreso Internacional sobre Ética de Spinoza, Fundamentos y Significado (
_d1990.
_cAlmagro)
_9479
245 1 3 _aLa ética de Spinoza, fundamentos y significado
_b: (actas del Congreso Internacional: Almagro, 24-26 de octubre, 1990) /
_cedición preparada por Atilano Domínguez.
260 _a[Cuenca] :
_bEdiciones de la Universidad de Castilla-La Mancha,
_c[1992]
300 _a521 p. ;
_c24 cm.
490 1 _aEstudios ;
_v9
500 _aÍndice onomástico.
546 _aTextos en español, francés, inglés, italiano y alemán.
600 1 4 _aSpinoza, Benedictus de-
_vCongresos y asambleas.
_9107751
650 1 4 _aÉtica-
_vCongresos y asambleas.
_912579
700 1 _aDomínguez, Atilano.
_945153
830 0 _aEstudios ;
_v9
_9177349
852 _aES-MaACL
_jL-21505
_z. - Dedicatoria autógrafa de A. Domínguez, ed. literario
999 _c14301
_d14301